000 00279nam a22001217a 4500
003 OSt
005 20160217153804.0
008 160217b xxu||||| |||| 00| 0 eng d
040 _cRongo University
245 _apoems
260 _aCarlifornia
_bWadsworth
_c1997
942 _2lcc
_cBK
999 _c252418
_d252417